<?xml version="1.0" encoding="UTF-8"?><?xml-stylesheet type="text/xsl" href="static/style.xsl"?><OAI-PMH xmlns="http://www.openarchives.org/OAI/2.0/" xmlns:xsi="http://www.w3.org/2001/XMLSchema-instance" xsi:schemaLocation="http://www.openarchives.org/OAI/2.0/ http://www.openarchives.org/OAI/2.0/OAI-PMH.xsd"><responseDate>2026-04-18T02:08:11Z</responseDate><request verb="GetRecord" identifier="oai:www.recercat.cat:20.500.12327/4650" metadataPrefix="marc">https://recercat.cat/oai/request</request><GetRecord><record><header><identifier>oai:recercat.cat:20.500.12327/4650</identifier><datestamp>2025-10-22T11:26:13Z</datestamp><setSpec>com_2072_4428</setSpec><setSpec>com_2072_4427</setSpec><setSpec>col_2072_487898</setSpec></header><metadata><record xmlns="http://www.loc.gov/MARC21/slim" xmlns:dcterms="http://purl.org/dc/terms/" xmlns:xsi="http://www.w3.org/2001/XMLSchema-instance" xmlns:doc="http://www.lyncode.com/xoai" xsi:schemaLocation="http://www.loc.gov/MARC21/slim http://www.loc.gov/standards/marcxml/schema/MARC21slim.xsd">
   <leader>00925njm 22002777a 4500</leader>
   <datafield ind2=" " ind1=" " tag="042">
      <subfield code="a">dc</subfield>
   </datafield>
   <datafield ind2=" " ind1=" " tag="720">
      <subfield code="a">Hibler, Sophia</subfield>
      <subfield code="e">author</subfield>
   </datafield>
   <datafield ind2=" " ind1=" " tag="720">
      <subfield code="a">Kiffner, Christian</subfield>
      <subfield code="e">author</subfield>
   </datafield>
   <datafield ind2=" " ind1=" " tag="720">
      <subfield code="a">König, Hannes J.</subfield>
      <subfield code="e">author</subfield>
   </datafield>
   <datafield ind2=" " ind1=" " tag="720">
      <subfield code="a">Blaum, Niels</subfield>
      <subfield code="e">author</subfield>
   </datafield>
   <datafield ind2=" " ind1=" " tag="720">
      <subfield code="a">Ostermann-Miyashita, Emu-Felicitas</subfield>
      <subfield code="e">author</subfield>
   </datafield>
   <datafield ind2=" " ind1=" " tag="260">
      <subfield code="c">2025-05-27</subfield>
   </datafield>
   <datafield ind2=" " ind1=" " tag="520">
      <subfield code="a">In modern landscapes, the sustainable coexistence of humans and wildlife depends on involving stakeholders in the development and implementation of management strategies. This is particularly important for species like the European bison (Bison bonasus) and Eurasian moose (Alces alces), which are reoccupying regions between Germany and Poland after a prolonged absence. The return of these species generates mixed emotions, as interactions with these species are associated with both costs and benefits to people. Addressing the apparent unpreparedness in managing these trade-offs, we implemented a digital participatory impact assessment in two steps. First, we engaged bison and moose experts to develop management scenarios and assessment criteria. Then, in a subsequent virtual workshop, stakeholders evaluated four scenarios along economic, social, and ecological dimensions. Quantitative and qualitative analyses revealed divergent perspectives and priorities, yet consensus emerged on the necessary future steps: formulating a comprehensive management strategy with guidelines and protocols for managing specific conflict scenarios, such as the incursion of large herbivores onto highways. Our approach underscores the importance of early stakeholder engagement in fostering a more equitable and sustainable management of human-wildlife interactions. Moreover, demonstrating the feasibility of remote stakeholder involvement, our study presents a robust model for enhancing coexistence, adaptable even where in-person meetings are challenging.</subfield>
   </datafield>
   <datafield ind1="8" ind2=" " tag="024">
      <subfield code="a">Hibler, Sophia, Christian Kiffner, Hannes J. König, Niels Blaum, and Emu‐Felicitas Ostermann‐Miyashita. 2025. “Stakeholder‐driven Management Strategies for Recovering Large Herbivores.” Conservation Science and Practice. https://doi.org/10.1111/csp2.70068.</subfield>
   </datafield>
   <datafield ind1="8" ind2=" " tag="024">
      <subfield code="a">2578/4854</subfield>
   </datafield>
   <datafield ind1="8" ind2=" " tag="024">
      <subfield code="a">http://hdl.handle.net/20.500.12327/4650</subfield>
   </datafield>
   <datafield ind1="8" ind2=" " tag="024">
      <subfield code="a">https://doi.org/10.1111/csp2.70068</subfield>
   </datafield>
   <datafield ind2="0" ind1="0" tag="245">
      <subfield code="a">Stakeholder-driven management strategies for recovering large herbivores</subfield>
   </datafield>
</record></metadata></record></GetRecord></OAI-PMH>